<?xml version="1.0" encoding="UTF-8"?><?xml-stylesheet type="text/xsl" href="static/style.xsl"?><OAI-PMH xmlns="http://www.openarchives.org/OAI/2.0/" xmlns:xsi="http://www.w3.org/2001/XMLSchema-instance" xsi:schemaLocation="http://www.openarchives.org/OAI/2.0/ http://www.openarchives.org/OAI/2.0/OAI-PMH.xsd"><responseDate>2026-04-13T07:15:12Z</responseDate><request verb="GetRecord" identifier="oai:www.recercat.cat:2117/174932" metadataPrefix="marc">https://recercat.cat/oai/request</request><GetRecord><record><header><identifier>oai:recercat.cat:2117/174932</identifier><datestamp>2025-07-23T06:54:21Z</datestamp><setSpec>com_2072_1033</setSpec><setSpec>col_2072_452951</setSpec></header><metadata><record xmlns="http://www.loc.gov/MARC21/slim" xmlns:dcterms="http://purl.org/dc/terms/" xmlns:xsi="http://www.w3.org/2001/XMLSchema-instance" xmlns:doc="http://www.lyncode.com/xoai" xsi:schemaLocation="http://www.loc.gov/MARC21/slim http://www.loc.gov/standards/marcxml/schema/MARC21slim.xsd">
   <leader>00925njm 22002777a 4500</leader>
   <datafield ind2=" " ind1=" " tag="042">
      <subfield code="a">dc</subfield>
   </datafield>
   <datafield ind2=" " ind1=" " tag="720">
      <subfield code="a">Gómez Martínez, Victor</subfield>
      <subfield code="e">author</subfield>
   </datafield>
   <datafield ind2=" " ind1=" " tag="260">
      <subfield code="c">2018-09</subfield>
   </datafield>
   <datafield ind2=" " ind1=" " tag="520">
      <subfield code="a">Estudiar la viabilidad de negocio de un proyecto de diseño, desarrollo y comercialización de sistemas DVA (Dynamic Vibration Absorber) aplicables a aviones comerciales.</subfield>
   </datafield>
   <datafield ind2=" " ind1=" " tag="520">
      <subfield code="a">En el siguiente documento se presenta el Plan de Negocio de un servicio de reducción vibro-acústica que estudia la implementación de distribuciones óptimas de dispositivos DVA sobre estructuras complejas, ofreciendo un aumento considerable en el nivel de eficacia de este tipo de medidas.El propósito del documento es estudiar la viabilidad de dicha iniciativa empresarial. Para ello, se desarrolla un análisis situacional exhaustivo, se definen las estrategias de marketing mixdestinadas a superar las barreras de entrada del mercado y potenciar las oportunidades que éste ofrece, se realiza el análisis de viabilidad económica del proyecto y se evalúan los posibles riesgos asociados a su progreso.El desarrollo de dichos contenidos permite dimensionar el impacto del proyectoen la empresa. Si bien en términos absolutos no se consiguen grandes ingresos en comparación al resto de proyectos de la empresa, se obtienen márgenes de beneficio positivos a partir del 3º año de actividad económica que, además, alcanzan el 30% a partir del 5º año de ventas.En base al análisis anterior, se concluye que los resultados obtenidos son favorables a la puesta en marcha del proyecto</subfield>
   </datafield>
   <datafield tag="653" ind2=" " ind1=" ">
      <subfield code="a">Àrees temàtiques de la UPC::Economia i organització d'empreses</subfield>
   </datafield>
   <datafield tag="653" ind2=" " ind1=" ">
      <subfield code="a">Àrees temàtiques de la UPC::Aeronàutica i espai</subfield>
   </datafield>
   <datafield tag="653" ind2=" " ind1=" ">
      <subfield code="a">Vibration (Aeronautics)</subfield>
   </datafield>
   <datafield tag="653" ind2=" " ind1=" ">
      <subfield code="a">Damping (Mechanics)</subfield>
   </datafield>
   <datafield tag="653" ind2=" " ind1=" ">
      <subfield code="a">Business planning</subfield>
   </datafield>
   <datafield tag="653" ind2=" " ind1=" ">
      <subfield code="a">Vibració (Aeronàutica)</subfield>
   </datafield>
   <datafield tag="653" ind2=" " ind1=" ">
      <subfield code="a">Amortiment (Mecànica)</subfield>
   </datafield>
   <datafield tag="653" ind2=" " ind1=" ">
      <subfield code="a">Empreses -- Planificació</subfield>
   </datafield>
   <datafield ind2="0" ind1="0" tag="245">
      <subfield code="a">Estudio y desarrollo de un Plan de Negocio. Reducción vibroacústica en estructuras aeronáuticas mediante la aplicación y optimización de sistemas DVA (Dynamic Vibration Absorber)</subfield>
   </datafield>
</record></metadata></record></GetRecord></OAI-PMH>